[Event "Leer op"]
[Site "Leer"]
[Date "2024.11.01"]
[Round "4"]
[White "Vandenhole, Kobe"]
[Black "Bracker, Frank"]
[Result "1/2-1/2"]
[WhiteElo "2151"]
[BlackElo "2297"]
[PlyCount "120"]
[EventDate "2024.10.31"]
[EventType "swiss"]
[EventRounds "7"]
[EventCountry "GER"]
[SourceTitle "CB45_2024"]
[Source "ChessBase"]
[SourceDate "2024.11.06"]
[SourceVersion "1"]
[SourceVersionDate "2024.11.06"]
[SourceQuality "1"]

1. e4 c5 2. Nf3 e6 3. Nc3 Nc6 4. d4 cxd4 5. Nxd4 Qc7 6. g3 a6 7. Bg2 h5 8. 0-0 h4 9. Re1 d6 10. Be3 Ne5 11. f4 Nc4 12. Bc1 hxg3 13. hxg3 b5 14. b3 Nb6 15. Bb2 Be7 16. Qd3 Bb7 17. a4 b4 18. Na2 Nf6 19. c3 e5 20. Nf5 Qc5+ 21. Ne3 exf4 22. cxb4 Qh5 23. Nf5 Qh2+ 24. Kf1 Kf8 25. Rac1 Rc8 26. Bd4 Rxc1 27. Nxc1 Nbd7 28. Bg1 Qh5 29. gxf4 Qg4 30. Ne2 Qxg2+ 31. Kxg2 Bxe4+ 32. Qxe4 Nxe4 33. Nxe7 Kxe7 34. Ng3 d5 35. Nxe4 dxe4 36. Rxe4+ Kd6 37. Rd4+ Kc7 38. Rc4+ Kd6 39. Bd4 f6 40. Kg3 Rh1 41. Bc5+ Nxc5 42. Rxc5 Rb1 43. Rc3 Rd1 44. Kg4 Rd4 45. Rc4 Rd3 46. Kf5 Rxb3 47. Rd4+ Ke7 48. Re4+ Kf7 49. Rc4 g6+ 50. Ke4 Ke6 51. Rc6+ Ke7 52. Rb6 g5 53. fxg5 fxg5 54. Kf5 a5 55. bxa5 Ra3 56. Rb4 Rc3 57. a6 Rc5+ 58. Kg4 Ra5 59. Rb6 Kd7 60. Rg6 Kc7 1/2-1/2

[Event "Karlsruhe Grenke op"]
[Site "Karlsruhe"]
[Date "2024.03.31"]
[Round "6"]
[White "Bracker, Frank"]
[Black "Serikbay, Assel"]
[Result "1/2-1/2"]
[WhiteElo "2295"]
[BlackElo "2163"]
[PlyCount "81"]
[EventDate "2024.03.28"]
[EventType "swiss"]
[EventRounds "9"]
[EventCountry "GER"]
[SourceTitle "EXT 2025"]
[Source "ChessBase"]
[SourceDate "2024.10.14"]
[SourceVersion "1"]
[SourceVersionDate "2024.10.14"]
[SourceQuality "1"]

1. c4 e5 2. g3 Nf6 3. Bg2 c6 4. Nf3 e4 5. Nd4 d5 6. cxd5 cxd5 7. d3 Bc5 8. Nb3 Bb4+ 9. Bd2 Qe7 10. Bxb4 Qxb4+ 11. Nc3 Nc6 12. 0-0 0-0 13. dxe4 dxe4 14. Nd5 Nxd5 15. Qxd5 Re8 16. e3 Re5 17. Qd2 Be6 18. Rfc1 Qe7 19. Nd4 Bd5 20. a3 Rd8 21. b4 h5 22. Rc3 Nxd4 23. exd4 Re6 24. Qe3 Red6 25. b5 Be6 26. Bxe4 Rxd4 27. Re1 Qd7 28. Rc5 h4 29. Rh5 Rd1 30. Bh7+ Kf8 31. Bc2 Rxe1+ 32. Qxe1 Qd2 33. Qxd2 Rxd2 34. Rc5 h3 35. Kf1 Bg4 36. Ke1 Re2+ 37. Kf1 Rd2 38. Ke1 Re2+ 39. Kf1 Rd2 40. Ke1 Re2+ 41. Kf1 1/2-1/2

[Event "BL2-Nord 2324"]
[Site "Germany"]
[Date "2024.02.25"]
[Round "8.7"]
[White "Bracker, Frank"]
[Black "Engel, Bruno"]
[Result "1-0"]
[WhiteElo "2299"]
[BlackElo "1992"]
[PlyCount "95"]
[EventDate "2023.10.21"]
[EventType "team-tourn"]
[EventRounds "10"]
[EventCountry "GER"]
[SourceTitle "EXT 2025"]
[Source "ChessBase"]
[SourceDate "2024.10.14"]
[SourceVersion "1"]
[SourceVersionDate "2024.10.14"]
[SourceQuality "1"]
[WhiteTeam "Hamburger SK II"]
[BlackTeam "Luebeck"]
[WhiteTeamCountry "GER"]
[BlackTeamCountry "GER"]

1. c4 b6 2. Nf3 Bb7 3. g3 Nf6 4. Bg2 e6 5. 0-0 Be7 6. d4 0-0 7. Nc3 Ne4 8. Bd2 d6 9. Qc2 Nxc3 10. Bxc3 f5 11. Ne1 Qc8 12. d5 e5 13. Bh3 c6 14. e4 cxd5 15. cxd5 Ba6 16. Bxf5 Rxf5 17. exf5 Bxf1 18. Kxf1 Nd7 19. Kg1 Nf6 20. Ng2 Qc5 21. Ne3 Rc8 22. a4 Kh8 23. Qd3 a5 24. Kg2 Qc7 25. h4 Nd7 26. Qe4 Qb7 27. Kh3 Nc5 28. Qc2 Qa6 29. Kg2 Bd8 30. g4 b5 31. axb5 Qxb5 32. g5 Nd3 33. Qa4 Nf4+ 34. Kh2 Rb8 35. Qxb5 Rxb5 36. b4 Bb6 37. bxa5 Ba7 38. a6 Kg8 39. Ra4 Nd3 40. Rc4 Rc5 41. Rxc5 Nxc5 42. Bb4 Nd3 43. Bxd6 Nxf2 44. Nc4 e4 45. Kg2 Nd3 46. Bc7 Ne1+ 47. Kf1 Nf3 48. d6 1-0

[Event "Staufer op 34th"]
[Site "Schwaebisch Gmuend"]
[Date "2024.01.05"]
[Round "7"]
[White "Bracker, Frank"]
[Black "Poysti, Nathanael Nicolai"]
[Result "1-0"]
[WhiteElo "2306"]
[BlackElo "2163"]
[PlyCount "149"]
[EventDate "2024.01.02"]
[EventType "swiss"]
[EventRounds "9"]
[EventCountry "GER"]
[SourceTitle "CBM 218 Extra"]
[Source "ChessBase"]
[SourceDate "2024.03.31"]
[SourceVersion "1"]
[SourceVersionDate "2024.03.31"]
[SourceQuality "1"]

1. Nf3 c5 2. e4 d6 3. d4 cxd4 4. Nxd4 Nf6 5. Nc3 a6 6. Bd3 e5 7. Nde2 Be7 8. 0-0 0-0 9. Ng3 Be6 10. Nd5 Bxd5 11. exd5 Nbd7 12. c4 Ne8 13. f4 exf4 14. Bxf4 Bf6 15. Rb1 a5 16. Kh1 g6 17. Ne4 Be5 18. Bg5 f6 19. Bh6 Ng7 20. Nd2 Nc5 21. Nf3 Qd7 22. Bc2 Rf7 23. b3 Raf8 24. a3 Qg4 25. Be3 Nd7 26. Qd2 b6 27. Qf2 Nc5 28. b4 axb4 29. axb4 Nd7 30. Bd3 Rb8 31. Nd4 f5 32. Nc6 Rb7 33. Be2 Qe4 34. Nd8 Nf6 35. Nxb7 Rxb7 36. Rfe1 b5 37. c5 Qxd5 38. Bf3 Ne4 39. Bxe4 fxe4 40. Red1 Qe6 41. cxd6 Bxd6 42. Bc5 Ne8 43. Qd4 Rf7 44. Rf1 Qe5 45. Qxe5 Bxe5 46. Rxf7 Kxf7 47. Rd1 Ke6 48. Rd8 Nc7 49. g4 h5 50. Rg8 Kf7 51. Rf8+ Ke6 52. gxh5 gxh5 53. Kg2 Nd5 54. Re8+ Kf5 55. Rd8 Nf4+ 56. Kf1 Nd3 57. h3 Ke6 58. Rg8 h4 59. Rg4 Nxc5 60. bxc5 Bg3 61. Ke2 Kd5 62. Rg5+ Kc6 63. Ke3 b4 64. Kxe4 Bf2 65. Rh5 b3 66. Kd3 b2 67. Kc2 Bd4 68. Rxh4 Kxc5 69. Rh6 Kd5 70. h4 Ke5 71. h5 Kf5 72. Ra6 Kg5 73. h6 Bh8 74. h7 Bg7 75. Ra8 1-0

[Event "BL2-Nord 2324"]
[Site "Germany"]
[Date "2023.12.03"]
[Round "4.7"]
[White "Bleecke, Sebastian"]
[Black "Bracker, Frank"]
[Result "1/2-1/2"]
[WhiteElo "2158"]
[BlackElo "2299"]
[PlyCount "54"]
[EventDate "2023.10.21"]
[EventType "team-tourn"]
[EventRounds "10"]
[EventCountry "GER"]
[SourceTitle "EXT 2025"]
[Source "ChessBase"]
[SourceDate "2024.10.14"]
[SourceVersion "1"]
[SourceVersionDate "2024.10.14"]
[SourceQuality "1"]
[WhiteTeam "Lister Turm II"]
[BlackTeam "Hamburger SK II"]
[WhiteTeamCountry "GER"]
[BlackTeamCountry "GER"]

1. e4 c5 2. Nf3 e6 3. d4 cxd4 4. Nxd4 Nc6 5. Nc3 Qc7 6. Be3 a6 7. a3 b5 8. Nxc6 Qxc6 9. Bd3 Bb7 10. Qd2 b4 11. axb4 Bxb4 12. 0-0 Nf6 13. f3 0-0 14. Qf2 d6 15. Na4 Nd7 16. c3 Ba5 17. Rfd1 Bd8 18. Bf1 Be7 19. Nb6 Nxb6 20. Bxb6 Rfb8 21. Ba7 Rc8 22. Bd4 a5 23. b4 axb4 24. cxb4 Rxa1 25. Rxa1 d5 26. b5 Qd7 27. e5 h5 1/2-1/2

[Event "Hamburg Easter op"]
[Site "Hamburg"]
[Date "2023.04.09"]
[Round "5"]
[White "Kotyk, Michael"]
[Black "Bracker, Frank"]
[Result "1/2-1/2"]
[WhiteElo "2012"]
[BlackElo "2314"]
[PlyCount "138"]
[EventDate "2023.04.07"]
[EventType "swiss"]
[EventRounds "7"]
[EventCountry "GER"]
[SourceTitle "EXT 2024"]
[Source "ChessBase"]
[SourceDate "2023.10.10"]
[SourceVersion "1"]
[SourceVersionDate "2023.10.10"]
[SourceQuality "1"]

1. d4 Nf6 2. c4 e6 3. Nc3 Bb4 4. Qc2 0-0 5. e4 d6 6. Bd3 e5 7. d5 a5 8. Nge2 c6 9. h3 Na6 10. 0-0 Nc5 11. a3 Bxc3 12. Nxc3 cxd5 13. Nxd5 Nxd5 14. exd5 Nxd3 15. Qxd3 Bd7 16. Be3 a4 17. f4 e4 18. Qxe4 Re8 19. Qd3 Rc8 20. f5 Qe7 21. Bd4 f6 22. Rac1 Qe4 23. Qxe4 Rxe4 24. Rfd1 Bxf5 25. c5 dxc5 26. Rxc5 Rxc5 27. Bxc5 Re2 28. Rd4 Bd7 29. Rb4 Re5 30. Rxb7 Rxd5 31. Bb4 Kf7 32. Bc3 Ke6 33. h4 Kf5 34. b3 Rd3 35. bxa4 Bc6 36. Rb3 Bxa4 37. Rb4 Bc6 38. Rc4 Bd5 39. Rd4 Rxc3 40. Rxd5+ Kg4 41. Kh2 Kxh4 42. Rd7 g5 43. Rxh7+ Kg4 44. Rh3 Rc2 45. Rg3+ Kh5 46. Rh3+ Kg6 47. Rb3 f5 48. Kg1 Kh5 49. Rf3 Kg4 50. Rd3 f4 51. Rb3 Ra2 52. Rc3 Kh4 53. Rh3+ Kg4 54. Rc3 Re2 55. Kf1 Rd2 56. Kg1 Rb2 57. Kf1 Rd2 58. Rb3 Ra2 59. Rc3 Kh5 60. g3 Kg4 61. gxf4 gxf4 62. a4 Rxa4 63. Rb3 Ra2 64. Rc3 Ra4 65. Kf2 Rd4 66. Ra3 Rb4 67. Rc3 f3 68. Rc8 Rb2+ 69. Kf1 Kg3 1/2-1/2

[Event "Bremen Silvester op-A"]
[Site "Bremen"]
[Date "2022.12.30"]
[Round "7"]
[White "Bracker, Frank"]
[Black "Von Mettenheim, Johannes"]
[Result "0-1"]
[WhiteElo "2356"]
[BlackElo "2181"]
[PlyCount "70"]
[EventDate "2022.12.27"]
[EventType "swiss"]
[EventRounds "7"]
[EventCountry "GER"]
[SourceTitle "CBM 211 Extra"]
[Source "ChessBase"]
[SourceDate "2023.01.31"]
[SourceVersion "1"]
[SourceVersionDate "2023.01.31"]
[SourceQuality "1"]

1. e4 c6 2. d4 d5 3. e5 c5 4. Nf3 cxd4 5. Qxd4 Nc6 6. Qf4 e6 7. Bd3 Qc7 8. Nc3 a6 9. h4 f6 10. Qg4 Nxe5 11. Nxe5 Qxe5+ 12. Ne2 Ne7 13. Bd2 Qxb2 14. Bc3 Qb6 15. Bd4 Qd6 16. Qh5+ Kd8 17. Rb1 b5 18. f4 Nc6 19. Bb6+ Ke7 20. a4 Rb8 21. a5 Bd7 22. Rh3 Be8 23. Qg4 g6 24. Re3 Kd7 25. Rb3 Bf7 26. h5 Be7 27. Nc3 f5 28. Qg3 g5 29. Nxd5 exd5 30. Bxf5+ Ke8 31. Qxg5 d4 32. Re4 Rg8 33. Qh4 Bxb3 34. cxb3 d3 35. Bxh7 Qb4+ 0-1

[Event "BL2-Nord 2223"]
[Site "Germany"]
[Date "2022.11.27"]
[Round "4.3"]
[White "Bracker, Frank"]
[Black "Kanarek, Marcel"]
[Result "0-1"]
[WhiteElo "2372"]
[BlackElo "2488"]
[PlyCount "106"]
[EventDate "2022.10.22"]
[EventType "team-tourn"]
[EventRounds "10"]
[EventCountry "GER"]
[SourceTitle "EXT 2024"]
[Source "ChessBase"]
[SourceDate "2023.10.10"]
[SourceVersion "1"]
[SourceVersionDate "2023.10.10"]
[SourceQuality "1"]
[WhiteTeam "Hamburger SK II"]
[BlackTeam "Ruedersdorf Glueckauf"]
[WhiteTeamCountry "GER"]
[BlackTeamCountry "GER"]

1. c4 g6 2. Nf3 Bg7 3. Nc3 c5 4. g3 Nc6 5. Bg2 Nf6 6. d4 0-0 7. 0-0 d6 8. dxc5 dxc5 9. Bf4 Nh5 10. Be3 b6 11. Rc1 Bb7 12. Qa4 Qc8 13. Rfd1 Rd8 14. Rxd8+ Qxd8 15. h3 Na5 16. g4 Nf6 17. Ne5 Bxg2 18. Kxg2 Qc7 19. Nf3 Qc6 20. Qxc6 Nxc6 21. b3 Rd8 22. Bf4 h5 23. g5 Ne8 24. Nb5 Kf8 25. h4 Rd7 26. Nc3 Nd6 27. Bxd6 Rxd6 28. Nd5 e6 29. Nc3 Ke7 30. Ne4 Rd8 31. Nc3 Nd4 32. Ne1 Rd7 33. e3 Nc6 34. Nf3 Rd3 35. Ne2 Nb4 36. a3 Nc6 37. Rb1 Na5 38. b4 Nxc4 39. bxc5 Nxa3 40. Rc1 Bb2 41. cxb6 Bxc1 42. bxa7 Rd8 43. Nfd4 Ra8 44. Nxc1 Kd6 45. f4 Rxa7 46. Nd3 Ra4 47. Ne5 Ke7 48. Kf3 Nb1 49. Nb3 Ra3 50. Nc6+ Kd6 51. Ncd4 Kd5 52. Ke2 Kc4 53. Nc1 Nc3+ 0-1

[Event "Sitges op 46th"]
[Site "Sitges"]
[Date "2022.07.26"]
[Round "5"]
[White "Bracker, Frank"]
[Black "Quillan, Gary"]
[Result "1-0"]
[WhiteElo "2366"]
[BlackElo "2350"]
[PlyCount "131"]
[EventDate "2022.07.22"]
[EventType "swiss"]
[EventRounds "9"]
[EventCountry "ESP"]
[SourceTitle "CBM 209 Extra"]
[Source "ChessBase"]
[SourceDate "2022.09.30"]
[SourceVersion "1"]
[SourceVersionDate "2022.09.30"]
[SourceQuality "1"]

1. Nf3 Nf6 2. c4 c5 3. g3 g6 4. Bg2 Bg7 5. Nc3 0-0 6. d4 cxd4 7. Nxd4 Nc6 8. 0-0 Nxd4 9. Qxd4 d6 10. Bg5 h6 11. Bxf6 Bxf6 12. Qe3 Bg7 13. Rfd1 Be6 14. c5 Qd7 15. Rd2 Rfd8 16. Rad1 a6 17. cxd6 exd6 18. Qb6 Qe7 19. Qxb7 Qxb7 20. Bxb7 Ra7 21. Bd5 Bf5 22. Bb3 Bf8 23. f3 Re8 24. g4 Bc8 25. Ne4 Kg7 26. h3 a5 27. Bc4 Rc7 28. b3 Be6 29. Bxe6 Rxe6 30. Kf2 Rc6 31. Rd5 Ra6 32. Rb5 Be7 33. Rdd5 Bd8 34. Rb7 Rc6 35. Ke1 Rc1+ 36. Kd2 Ra1 37. a4 Bg5+ 38. Nxg5 hxg5 39. e4 Rf6 40. Rd3 Rf1 41. Rd7 R1xf3 42. Re3 Rf2+ 43. Kd3 Re6 44. Kc4 Kf8 45. Kb5 Ke8 46. Rb7 Re5+ 47. Ka6 Rc2 48. Rb5 Rcc5 49. Rd3 Kd7 50. Rd4 Kc6 51. Rb6+ Kc7 52. Rb7+ Kc6 53. Rb6+ Kc7 54. Rbxd6 Rc6+ 55. Rxc6+ Kxc6 56. Rc4+ Kd6 57. Kb6 f5 58. exf5 gxf5 59. gxf5 Rxf5 60. Rc6+ Kd7 61. Rc5 Rf3 62. Rb5 Rxh3 63. Kxa5 g4 64. b4 Re3 65. Rg5 g3 66. Rg4 1-0

[Event "Sitges op 46th"]
[Site "Sitges"]
[Date "2022.07.25"]
[Round "4"]
[White "Ferey, Antonin"]
[Black "Bracker, Frank"]
[Result "0-1"]
[WhiteElo "2181"]
[BlackElo "2366"]
[PlyCount "68"]
[EventDate "2022.07.22"]
[EventType "swiss"]
[EventRounds "9"]
[EventCountry "ESP"]
[SourceTitle "CBM 209 Extra"]
[Source "ChessBase"]
[SourceDate "2022.09.30"]
[SourceVersion "1"]
[SourceVersionDate "2022.09.30"]
[SourceQuality "1"]

1. d4 Nf6 2. c4 e6 3. Nf3 b6 4. g3 Ba6 5. Qc2 c5 6. d5 exd5 7. cxd5 Bb7 8. Nc3 Nxd5 9. Qe4+ Qe7 10. Ne5 f5 11. Qxf5 Nxc3 12. bxc3 g6 13. Nxg6 hxg6 14. Qxg6+ Qf7 15. Qxf7+ Kxf7 16. f3 Bg7 17. Bd2 d5 18. h4 Nc6 19. Rd1 Rae8 20. Kf2 Ne5 21. Bg5 Bc6 22. h5 Nc4 23. e3 Nb2 24. Rc1 Bxc3 25. Be2 d4 26. e4 b5 27. Rh4 Ke6 28. h6 b4 29. h7 d3 30. Bf1 Bd4+ 31. Ke1 c4 32. Rh6+ Kd7 33. Bh3+ Kc7 34. Bf4+ Be5 0-1

[Event "BL2-Nord 2122"]
[Site "Germany"]
[Date "2022.07.03"]
[Round "10.3"]
[White "Sawatzki, Frank"]
[Black "Bracker, Frank"]
[Result "1-0"]
[WhiteElo "2378"]
[BlackElo "2369"]
[PlyCount "49"]
[EventDate "2022.03.05"]
[EventType "team-tourn"]
[EventRounds "10"]
[EventCountry "GER"]
[SourceTitle "EXT 2023"]
[Source "ChessBase"]
[SourceDate "2022.10.05"]
[SourceVersion "1"]
[SourceVersionDate "2022.10.05"]
[SourceQuality "1"]
[WhiteTeam "St Pauli"]
[BlackTeam "Hamburger SK II"]
[WhiteTeamCountry "GER"]
[BlackTeamCountry "GER"]

1. e4 c5 2. Nf3 e6 3. d4 cxd4 4. Nxd4 Nc6 5. Nc3 Qc7 6. Be3 a6 7. a3 b5 8. Nxc6 Qxc6 9. Be2 Bb7 10. Qd4 Rc8 11. 0-0-0 Nf6 12. e5 Nd5 13. Bf3 Bxa3 14. Bxd5 exd5 15. Rd3 Bc5 16. Qxc5 Qxc5 17. Bxc5 Rxc5 18. Rhd1 d4 19. Rxd4 Bxg2 20. Rxd7 0-0 21. f4 h5 22. e6 Bc6 23. e7 Re8 24. Rc7 b4 25. Rd8 1-0

[Event "BL2-Nord 2122"]
[Site "Germany"]
[Date "2022.07.02"]
[Round "9.3"]
[White "Bracker, Frank"]
[Black "Meins, Gerlef"]
[Result "0-1"]
[WhiteElo "2369"]
[BlackElo "2417"]
[PlyCount "52"]
[EventDate "2022.03.05"]
[EventType "team-tourn"]
[EventRounds "10"]
[EventCountry "GER"]
[SourceTitle "EXT 2023"]
[Source "ChessBase"]
[SourceDate "2022.10.05"]
[SourceVersion "1"]
[SourceVersionDate "2022.10.05"]
[SourceQuality "1"]
[WhiteTeam "Hamburger SK II"]
[BlackTeam "Werder Bremen II"]
[WhiteTeamCountry "GER"]
[BlackTeamCountry "GER"]

1. c4 Nf6 2. Nf3 c5 3. g3 Nc6 4. Bg2 d6 5. 0-0 g6 6. b3 Bg7 7. Bb2 0-0 8. d4 cxd4 9. Nxd4 Bd7 10. Nc3 a6 11. e3 Rb8 12. Re1 Qa5 13. Rc1 Rfc8 14. Qe2 e6 15. Red1 Nxd4 16. Rxd4 Ne8 17. Rd3 b5 18. cxb5 axb5 19. Qd2 b4 20. Na4 Bb5 21. Bxg7 Bxd3 22. Bb2 Rxc1+ 23. Bxc1 Qc7 24. Bf1 Bxf1 25. Kxf1 Qc6 26. Bb2 Qe4 0-1

[Event "BL2-Nord 2122"]
[Site "Germany"]
[Date "2022.03.06"]
[Round "2.4"]
[White "Bracker, Frank"]
[Black "Miletic, Vuk"]
[Result "1/2-1/2"]
[WhiteElo "2369"]
[BlackElo "2207"]
[PlyCount "102"]
[EventDate "2022.03.05"]
[EventType "team-tourn"]
[EventRounds "10"]
[EventCountry "GER"]
[SourceTitle "EXT 2023"]
[Source "ChessBase"]
[SourceDate "2022.10.05"]
[SourceVersion "1"]
[SourceVersionDate "2022.10.05"]
[SourceQuality "1"]
[WhiteTeam "Hamburger SK II"]
[BlackTeam "Lingen"]
[WhiteTeamCountry "GER"]
[BlackTeamCountry "GER"]

1. e4 c5 2. Nf3 Nc6 3. d4 cxd4 4. Nxd4 g6 5. c4 Nf6 6. Nc3 d6 7. Be2 Nxd4 8. Qxd4 Bg7 9. Bg5 0-0 10. Qd2 Be6 11. Rc1 Qa5 12. f3 Rfc8 13. b3 a6 14. Na4 Qxd2+ 15. Kxd2 Nd7 16. h4 f6 17. Be3 f5 18. exf5 gxf5 19. g4 fxg4 20. fxg4 d5 21. cxd5 Bxd5 22. Rhd1 b5 23. Nb6 Nxb6 24. Bxb6 Bb2 25. Rc5 e6 26. Ke3 Rxc5 27. Bxc5 Rc8 28. Bd4 Bc1+ 29. Kd3 Bf4 30. Rf1 e5 31. Bb6 b4 32. Bf3 Rc3+ 33. Ke2 Rc2+ 34. Kd1 Rc1+ 35. Ke2 Rc2+ 36. Kd1 Rd2+ 37. Ke1 Bxf3 38. Rxf3 Rxa2 39. Be3 Bxe3 40. Rxe3 Rb2 41. Kd1 Kf7 42. g5 Kg6 43. Rxe5 Kh5 44. Re7 Kxh4 45. Rxh7+ Kxg5 46. Ra7 Ra2 47. Kc1 Kf5 48. Kb1 Ra5 49. Kb2 Ke5 50. Rh7 Rb5 51. Rh6 Rb8 1/2-1/2

[Event "BL2-Nord 2122"]
[Site "Germany"]
[Date "2022.03.05"]
[Round "1.4"]
[White "Palac, Mladen"]
[Black "Bracker, Frank"]
[Result "0-1"]
[WhiteElo "2501"]
[BlackElo "2369"]
[PlyCount "96"]
[EventDate "2022.03.05"]
[EventType "team-tourn"]
[EventRounds "10"]
[EventCountry "GER"]
[SourceTitle "EXT 2023"]
[Source "ChessBase"]
[SourceDate "2022.10.05"]
[SourceVersion "1"]
[SourceVersionDate "2022.10.05"]
[SourceQuality "1"]
[WhiteTeam "Kirchweyhe"]
[BlackTeam "Hamburger SK II"]
[WhiteTeamCountry "GER"]
[BlackTeamCountry "GER"]

1. d4 Nf6 2. c4 e6 3. Nf3 d5 4. Nc3 Nbd7 5. Bg5 Be7 6. e3 0-0 7. Rc1 c6 8. Bd3 h6 9. Bh4 dxc4 10. Bxc4 b5 11. Bd3 Bb7 12. 0-0 b4 13. Bxf6 Bxf6 14. Ne4 Be7 15. Bb1 Rc8 16. Qc2 g6 17. Nc5 Nxc5 18. dxc5 Qc7 19. Qd2 a5 20. e4 Kg7 21. e5 Rcd8 22. Qe3 Ba6 23. Rfe1 Rd7 24. h4 Rfd8 25. Be4 Bd3 26. Qf4 Bxe4 27. Rxe4 Rd1+ 28. Rxd1 Rxd1+ 29. Kh2 Bxc5 30. h5 Qe7 31. Rc4 Rd5 32. hxg6 fxg6 33. Nd2 Qg5 34. Qf6+ Qxf6 35. exf6+ Kf7 36. Ne4 Rd4 37. Rxc5 Rxe4 38. Rxa5 Re2 39. f3 Rxb2 40. Rc5 Rxa2 41. Rxc6 b3 42. Rb6 b2 43. Rb5 Kxf6 44. Kg3 e5 45. Rb6+ Ke7 46. Kh2 Kd7 47. Kh3 Kc7 48. Rb3 e4 0-1

[Event "Reinstorf op"]
[Site "Reinstorf"]
[Date "2022.01.31"]
[Round "3"]
[White "Bracker, Frank"]
[Black "Redzisz, Michal"]
[Result "1/2-1/2"]
[WhiteElo "2371"]
[BlackElo "2213"]
[PlyCount "62"]
[EventDate "2022.01.29"]
[EventType "swiss"]
[EventRounds "9"]
[EventCountry "GER"]
[SourceTitle "CBM 206 Extra"]
[Source "ChessBase"]
[SourceDate "2022.03.31"]
[SourceVersion "1"]
[SourceVersionDate "2022.03.31"]
[SourceQuality "1"]

1. e4 e5 2. Nf3 Nf6 3. Nxe5 d6 4. Nf3 Nxe4 5. d4 d5 6. Bd3 Bd6 7. 0-0 0-0 8. c4 c6 9. Qc2 Na6 10. a3 f5 11. Nc3 Nc7 12. c5 Be7 13. Ne2 Bf6 14. b4 Ne6 15. Bb2 Qc7 16. Nd2 Bg5 17. Nf3 Bf6 18. a4 Bd7 19. Nd2 Nxd2 20. Qxd2 f4 21. f3 g5 22. g4 Be8 23. Bf5 Ng7 24. Bc2 Bg6 25. Bxg6 hxg6 26. Rae1 Rfe8 27. Nc1 Ne6 28. Nb3 Qg7 29. Re2 Re7 30. Qe1 Rae8 31. Qf2 a6 1/2-1/2

[Event "Reinstorf op"]
[Site "Reinstorf"]
[Date "2022.01.30"]
[Round "2"]
[White "Monninger, Moritz Franz"]
[Black "Bracker, Frank"]
[Result "0-1"]
[WhiteElo "2064"]
[BlackElo "2371"]
[PlyCount "60"]
[EventDate "2022.01.29"]
[EventType "swiss"]
[EventRounds "9"]
[EventCountry "GER"]
[SourceTitle "CBM 206 Extra"]
[Source "ChessBase"]
[SourceDate "2022.03.31"]
[SourceVersion "1"]
[SourceVersionDate "2022.03.31"]
[SourceQuality "1"]

1. d4 Nf6 2. Bg5 e6 3. e4 h6 4. Bxf6 Qxf6 5. c3 d6 6. Bd3 g6 7. Ne2 e5 8. 0-0 Bg7 9. f4 Qe7 10. Nd2 0-0 11. Nf3 Nd7 12. Qd2 exd4 13. cxd4 c5 14. Rae1 b6 15. Ng3 cxd4 16. Bb1 Bb7 17. Nxd4 h5 18. Nb5 Ba6 19. Nc7 Bxf1 20. Nxa8 Bc4 21. Nc7 Nf6 22. Nd5 Nxd5 23. exd5 Qf6 24. Re4 Bb5 25. b3 Rc8 26. a4 Bd7 27. Qe1 Qb2 28. Re2 Rc1 29. Rxb2 Rxe1+ 30. Kf2 Rc1 0-1

[Event "BL2-Nord 1920"]
[Site "Germany"]
[Date "2021.08.08"]
[Round "10.3"]
[White "Bracker, Frank"]
[Black "Richter, Michael"]
[Result "1/2-1/2"]
[WhiteElo "2385"]
[BlackElo "2501"]
[PlyCount "46"]
[EventDate "2019.10.19"]
[EventType "team-tourn"]
[EventRounds "9"]
[EventCountry "GER"]
[SourceTitle "EXT 2023"]
[Source "ChessBase"]
[SourceDate "2022.10.05"]
[SourceVersion "1"]
[SourceVersionDate "2022.10.05"]
[SourceQuality "1"]
[WhiteTeam "Hamburger SK II"]
[BlackTeam "Koenig Tegel"]
[WhiteTeamCountry "GER"]
[BlackTeamCountry "GER"]

1. c4 e6 2. g3 Nf6 3. Bg2 d5 4. Nf3 Be7 5. 0-0 0-0 6. b3 b6 7. Bb2 Bb7 8. e3 dxc4 9. bxc4 c5 10. Qe2 Nbd7 11. d3 Qc7 12. Nc3 Rad8 13. Rad1 Rfe8 14. Ne1 a6 15. f4 Bxg2 16. Qxg2 b5 17. cxb5 axb5 18. Nxb5 Qa5 19. Nc3 c4 20. Qe2 Bb4 21. Rc1 Nd5 22. Nxd5 exd5 23. Bd4 Nc5 1/2-1/2